| 000 | 00734nam a2200253Ia 4500 | ||
|---|---|---|---|
| 003 | OSt | ||
| 005 | 20221005065858.0 | ||
| 006 | a|||||r|||| 00| 0 | ||
| 007 | ta | ||
| 008 | 221004b |||||||| |||| 00| 0 per d | ||
| 024 | _a62066 | ||
| 037 | _cTextual | ||
| 040 |
_aCRL _cCRL _bper |
||
| 041 |
_2per _aper |
||
| 082 | _aV2:8-1.M0, 164K6 | ||
| 100 |
_aSaran P Ed. _9105126 |
||
| 245 | 0 | _aPersian documents being letters, newsletters etc. | |
| 260 |
_aMumbai _bAsia publishing house India _c1966 |
||
| 300 |
_a522+104p. _ccm. |
||
| 490 | _aRecords in Oriental languages e; 3 | ||
| 650 | _aPERSIAN LANGUAGE - HISTORY | ||
| 942 |
_hV2:8-1.M0, 164K6 _cTEXL _2cc |
||
| 999 |
_c975335 _d975335 |
||